[Event "Moscow Open 2007"]
[Site "Moscow"]
[Date "2007.02.02"]
[Round "7"]
[White "Sergienko, Sergey"]
[Black "Kosov, Ivan"]
[Result "1/2-1/2"]
[WhiteElo "2467"]
[BlackElo "2354"]
[PlyCount "130"]
[EventDate "2007.??.??"]

1. d4 d5 2. c4 c6 3. e3 Nf6 4. Nc3 e6 5. Nf3 Nbd7 6. Qc2 Bd6 7. Be2 O-O 8. O-O
e5 9. cxd5 cxd5 10. Nb5 Bb8 11. dxe5 Nxe5 12. Nbd4 Bg4 13. Rd1 Qd6 14. g3 Ne4
15. Nxe5 Bxe2 16. Nxe2 Qxe5 17. Nf4 Nf6 18. Qb3 Rd8 19. Qxb7 Bc7 20. Bd2 Rab8
21. Qxa7 Bb6 22. Qa3 d4 23. Re1 dxe3 24. Bxe3 Bxe3 25. Rxe3 Qxb2 26. Qxb2 Rxb2
27. Re2 Rb5 28. Rc1 g5 29. Ng2 Ra8 30. Ne3 Nd5 31. Nf5 Nb4 32. Nd6 Rba5 33. Rc7
Rf8 34. Rb2 Nd5 35. Rd7 Nf6 36. Rdb7 Kg7 37. Kg2 Kg6 38. Re2 Ra6 39. Nc4 Re8
40. Ne5+ Kg7 41. Rxf7+ Kg8 42. Rb7 Ng4 43. Rb5 h6 44. f4 gxf4 45. gxf4 Nxe5 46.
Rbxe5 Rea8 47. Re8+ Rxe8 48. Rxe8+ Kf7 49. Re2 Ra3 50. Kf2 Kf6 51. Ke1 Kf5 52.
Rf2 h5 53. Kd1 h4 54. Kc1 h3 55. Kb2 Ra4 56. Rf3 Kg4 57. Rg3+ Kh4 58. f5 Rf4
59. Rc3 Kg4 60. Kb3 Rxf5 61. a4 Rf2 62. Rc2 Rxc2 63. Kxc2 Kf3 64. a5 Kg2 65. a6
Kxh2 1/2-1/2

[Event "Moscow Open 2007"]
[Site "Moscow"]
[Date "2007.02.02"]
[Round "7"]
[White "Sitnikov, Anton"]
[Black "Losev, Dmitry"]
[Result "0-1"]
[WhiteElo "2467"]
[BlackElo "2345"]
[PlyCount "80"]
[EventDate "2007.??.??"]

1. d4 g6 2. Nf3 Bg7 3. Bf4 d6 4. e3 Nf6 5. h3 O-O 6. c4 c5 7. Nc3 cxd4 8. exd4
Nc6 9. d5 e5 10. Bg5 Nd4 11. Bd3 Qb6 12. O-O Bd7 13. Rb1 Rfe8 14. Re1 h6 15.
Be3 Nh5 16. b4 Nxf3+ 17. Qxf3 Qd8 18. g4 Nf4 19. Bxf4 exf4 20. Ne4 Re5 21. c5
h5 22. Nxd6 hxg4 23. Qxf4 Rh5 24. Nxb7 Qh4 25. Bf1 Rxd5 26. Nd6 Bc6 27. Qg3 Qh5
28. Bg2 Rg5 29. h4 Bxg2 30. Kxg2 Rd5 31. Rbd1 Rxd1 32. Rxd1 Be5 33. Qe3 f6 34.
Nc4 g3 35. Rd7 Qxh4 36. Nxe5 Qh2+ 37. Kf3 fxe5 38. Ke4 gxf2 39. Kd5 f1=Q 40.
Qb3 Qhh3 0-1

[Event "Moscow Open 2007"]
[Site "Moscow"]
[Date "2007.02.02"]
[Round "7"]
[White "Zemtsov, Igor"]
[Black "Gavrilov, Alexei"]
[Result "1-0"]
[WhiteElo "2364"]
[BlackElo "2465"]
[PlyCount "115"]
[EventDate "2007.??.??"]

1. d4 Nf6 2. Bg5 d5 3. Nc3 Bf5 4. f3 Nbd7 5. e4 dxe4 6. fxe4 Nxe4 7. Qf3 Nxg5
8. Qxf5 h6 9. h4 Nh7 10. O-O-O Nhf6 11. d5 g6 12. Qh3 h5 13. Be2 Bh6+ 14. Kb1
Ne5 15. Bb5+ Kf8 16. Nge2 Neg4 17. Qf3 Qd6 18. Rhe1 a6 19. Ba4 Ne5 20. Qf2 Nfg4
21. Qg3 Nc4 22. Qd3 Nce3 23. Ne4 Qe5 24. Nc5 Kg8 25. Nc3 b6 26. Nd7 Qd6 27. Ne4
Qb4 28. Bc6 Rd8 29. c3 Qc4 30. Qxc4 Nxc4 31. Rd4 Nce3 32. g3 f5 33. Nd2 Rh7 34.
Nf3 Rf7 35. Nfe5 Nxe5 36. Nxe5 Rf6 37. Bd7 f4 38. gxf4 Ng2 39. Ree4 Nxf4 40.
Ba4 b5 41. Bb3 Kg7 42. Nc6 Rd7 43. Nxe7 Ng2 44. a4 Be3 45. Rd1 Bf2 46. axb5
axb5 47. Rh1 Nxh4 48. d6 Rdxd6 49. Nd5 Rf5 50. Nxc7 Nf3 51. Ne8+ Kh6 52. Nxd6
Nd2+ 53. Kc2 Nxe4 54. Nxe4 Bb6 55. Kd3 Rf3+ 56. Kd2 g5 57. Bd1 Be3+ 58. Kd3 1-0

[Event "Moscow Open 2007"]
[Site "Moscow"]
[Date "2007.02.02"]
[Round "7"]
[White "Kuzin, Anton"]
[Black "Maslov, Mikhail"]
[Result "1-0"]
[WhiteElo "2459"]
[BlackElo "2336"]
[PlyCount "89"]
[EventDate "2007.??.??"]

1. e4 e5 2. Nf3 Nf6 3. Nxe5 d6 4. Nf3 Nxe4 5. d4 d5 6. Bd3 Nc6 7. O-O Be7 8. c4
Nb4 9. cxd5 Nxd3 10. Qxd3 Qxd5 11. Re1 Bf5 12. Nc3 Nxc3 13. Qxc3 Be6 14. Re5
Qd7 15. d5 Bxd5 16. Bh6 O-O-O 17. Bxg7 Rhg8 18. Rd1 Rxg7 19. Rexd5 Qxd5 20.
Rxd5 Rxd5 21. g3 f6 22. Kg2 Bd8 23. Nd4 Rgd7 24. Ne6 Be7 25. h4 Rd3 26. Qa5 a6
27. Qh5 Rd2 28. Qxh7 Rxf2+ 29. Kh3 f5 30. Nf4 Bd6 31. Qxf5 Bxf4 32. gxf4 Rxb2
33. h5 Rb5 34. Qg6 Rb6 35. Qe4 Rd8 36. Kh4 Rg8 37. Qh7 Re8 38. h6 Re1 39. Qg8+
Kd7 40. h7 Rh1+ 41. Kg5 Rb5+ 42. f5 Rg1+ 43. Kf6 Rb6+ 44. Kf7 Re1 45. f6 1-0

[Event "Moscow Open 2007"]
[Site "Moscow"]
[Date "2007.02.02"]
[Round "7"]
[White "Okara, Andrey"]
[Black "Danin, Alexandre"]
[Result "0-1"]
[WhiteElo "2358"]
[BlackElo "2451"]
[PlyCount "99"]
[EventDate "2007.??.??"]

1. e4 c6 2. d4 d5 3. exd5 cxd5 4. c4 Nf6 5. Nc3 Nc6 6. Bg5 Be6 7. Nf3 Ne4 8.
Nxe4 dxe4 9. d5 exf3 10. dxe6 Qa5+ 11. Qd2 Qe5+ 12. Qe3 Qa5+ 13. Qd2 Qe5+ 14.
Qe3 Qxe6 15. Qxe6 fxe6 16. gxf3 Rd8 17. Bd2 g6 18. O-O-O Bg7 19. Bh3 Rf8 20.
Bxe6 Rxf3 21. Be3 Bd4 22. Rxd4 Rxd4 23. Bd5 Rxe3 24. fxe3 Rh4 25. b3 Nd8 26.
Kd2 b6 27. Ke2 e6 28. Bg2 Nf7 29. h3 Nd6 30. Rd1 Ke7 31. Rd4 Rh5 32. Kf2 Ra5
33. Rd2 Rf5+ 34. Ke2 a5 35. Rc2 Rc5 36. Kd3 Nf7 37. a3 Ne5+ 38. Kd4 Nd7 39. b4
axb4 40. axb4 Rg5 41. Bc6 Rh5 42. Ra2 Rh4+ 43. e4 Kd6 44. Bxd7 e5+ 45. Kd3 Kxd7
46. c5 bxc5 47. bxc5 Kc6 48. Ra8 Kxc5 49. Rd8 Rxh3+ 50. Ke2 0-1

[Event "Moscow Open 2007"]
[Site "Moscow"]
[Date "2007.02.02"]
[Round "7"]
[White "Feoktistov, Alexey A"]
[Black "Egorov, Dmitry"]
[Result "1-0"]
[WhiteElo "2445"]
[BlackElo "2305"]
[PlyCount "95"]
[EventDate "2007.??.??"]

1. d4 Nf6 2. c4 e6 3. g3 Bb4+ 4. Bd2 Be7 5. Bg2 O-O 6. Nf3 c5 7. O-O Nc6 8. Bc3
cxd4 9. Nxd4 a6 10. e4 Nxd4 11. Bxd4 d6 12. Nc3 Qc7 13. Rc1 Bd7 14. Re1 Bc6 15.
Nd5 Qd8 16. Bb6 Qd7 17. Nxe7+ Qxe7 18. c5 d5 19. exd5 Nxd5 20. Bxd5 Rfd8 21.
Bxd8 Rxd8 22. Bxc6 Rxd1 23. Rcxd1 bxc6 24. Rd6 Qc7 25. Red1 g6 26. b4 Qb7 27.
a3 Qb5 28. Rd8+ Kg7 29. R8d7 Qe2 30. R1d3 g5 31. Re3 Qg4 32. Kg2 Kg6 33. h3 Qc4
34. g4 h6 35. Rd8 a5 36. bxa5 Qxc5 37. a6 Qa7 38. Rf3 Kg7 39. Rd6 Qc7 40. Rd1
Qa7 41. Rd6 Qc7 42. Rfd3 c5 43. Rd7 Qc6+ 44. Kg1 c4 45. R3d6 Qe4 46. Rd1 c3 47.
a7 Qa4 48. Rc1 1-0

[Event "Moscow Open 2007"]
[Site "Moscow"]
[Date "2007.02.02"]
[Round "7"]
[White "Smirnov, Igor"]
[Black "Timofeev, Vladimir F"]
[Result "1/2-1/2"]
[WhiteElo "2439"]
[BlackElo "2302"]
[PlyCount "108"]
[EventDate "2007.??.??"]

1. e4 c5 2. Nf3 Nc6 3. d4 cxd4 4. Nxd4 Nf6 5. Nc3 e5 6. Ndb5 d6 7. Bg5 a6 8.
Na3 b5 9. Bxf6 gxf6 10. Nd5 f5 11. c3 Bg7 12. exf5 Bxf5 13. Nc2 O-O 14. Nce3
Bg6 15. Bd3 f5 16. O-O e4 17. Nf4 Bf7 18. Bc2 Be5 19. Ned5 Ne7 20. f3 Nxd5 21.
Nxd5 Bh5 22. Qd2 exf3 23. gxf3 Kh8 24. f4 Bg7 25. Rae1 Ra7 26. Bd1 Bxd1 27.
Rxd1 a5 28. a3 Qc8 29. Qd3 Rb7 30. Rde1 Qc5+ 31. Kh1 Qc4 32. Qxc4 bxc4 33. Rf2
Bf6 34. Re6 Bh4 35. Rd2 Rg8 36. Ne3 Be1 37. Rc2 Rbg7 38. Ng2 Bh4 39. Rxd6 Bd8
40. Re2 Bc7 41. Rd4 Bb6 42. Rd5 a4 43. h4 Rg3 44. Kh2 Rf3 45. Rxf5 Bf2 46. Rd5
h6 47. Rd1 Bg3+ 48. Kg1 Bxf4 49. Re7 Be3+ 50. Kh2 Bf4+ 51. Kg1 Be3+ 52. Kh2
Bf4+ 53. Nxf4 Rf2+ 54. Kh3 Rf3+ 1/2-1/2

[Event "Moscow Open 2007"]
[Site "Moscow"]
[Date "2007.02.02"]
[Round "7"]
[White "Shabanov, Yuri"]
[Black "Kutuzov, Denis"]
[Result "1-0"]
[WhiteElo "2422"]
[BlackElo "2293"]
[PlyCount "77"]
[EventDate "2007.??.??"]

1. e4 e6 2. d3 d5 3. Nd2 Nf6 4. Ngf3 b5 5. c3 Bb7 6. e5 Nfd7 7. d4 a6 8. a4 b4
9. Be2 c5 10. O-O Nc6 11. Re1 Be7 12. Nf1 O-O 13. Ng3 Rc8 14. Bf1 bxc3 15. bxc3
cxd4 16. cxd4 Nb4 17. Rb1 a5 18. h4 Nb6 19. Nh5 Bc6 20. Bb5 Bxb5 21. axb5 Nc2
22. Rf1 Bxh4 23. Qd2 Nb4 24. Qf4 Be7 25. Qg3 g6 26. Bh6 Nd7 27. Bxf8 Kxf8 28.
Nf4 Nb6 29. Qh3 Kg7 30. g3 Qd7 31. Kg2 h5 32. Rh1 Rh8 33. g4 h4 34. g5 Qd8 35.
Qg4 a4 36. Rxh4 a3 37. Rbh1 a2 38. Qh3 a1=Q 39. Rh7+ 1-0

[Event "Moscow Open 2007"]
[Site "Moscow"]
[Date "2007.02.02"]
[Round "7"]
[White "Rozum, Ivan"]
[Black "Paveliev, Alexey"]
[Result "1-0"]
[WhiteElo "2336"]
[BlackElo "2418"]
[PlyCount "83"]
[EventDate "2007.??.??"]

1. e4 e6 2. d4 d5 3. exd5 exd5 4. Nf3 Nf6 5. Bg5 Bf5 6. Qe2+ Qe7 7. Bxf6 gxf6
8. Qxe7+ Bxe7 9. Nc3 c6 10. Kd2 Bf8 11. Bd3 Bh6+ 12. Ke2 Be6 13. Nd1 Nd7 14.
Ne3 O-O-O 15. Rhe1 Nb6 16. b3 Kc7 17. Kf1 Bf8 18. c3 Nc8 19. Nf5 Ne7 20. Nxe7
Bxe7 21. Bf5 Kd7 22. Nh4 Bd6 23. g3 Rdg8 24. Re3 Rg5 25. Rf3 Rh5 26. Re1 Re8
27. Kg2 Rg8 28. Kh3 Be7 29. g4 Rhg5 30. Rfe3 Kc7 31. Bxe6 fxe6 32. Rxe6 Bd8 33.
Nf5 h5 34. f3 Kb6 35. Re8 hxg4+ 36. fxg4 Rxg4 37. Rxd8 R8g5 38. Ng3 Rf4 39. Kg2
f5 40. Rf8 Rg7 41. Re5 Rh4 42. Rfxf5 1-0

[Event "Moscow Open 2007"]
[Site "Moscow"]
[Date "2007.02.02"]
[Round "7"]
[White "Ivakhinova, Inna"]
[Black "Khruschiov, Alexey"]
[Result "0-1"]
[WhiteElo "2216"]
[BlackElo "2456"]
[PlyCount "58"]
[EventDate "2007.??.??"]

1. e4 e5 2. f4 exf4 3. Bc4 d6 4. d4 g5 5. Nc3 Nc6 6. Nge2 Bg7 7. O-O Bg4 8. Qd3
Nh6 9. h4 f6 10. a3 Qd7 11. b4 Nf7 12. Bb5 a6 13. Ba4 b5 14. Nxb5 axb5 15. Bxb5
O-O 16. Nc3 f5 17. Qc4 Bxd4+ 18. Qxd4 Nxd4 19. Bxd7 Ne5 20. Bxf5 Bxf5 21. exf5
h6 22. Rf2 Rae8 23. hxg5 hxg5 24. Ra2 Ng4 25. Rf1 Nxf5 26. Nd1 Ng3 27. c4 Re2
28. Rd2 Rf7 29. Nf2 Rxf2 0-1

[Event "Moscow Open 2007"]
[Site "Moscow"]
[Date "2007.02.02"]
[Round "7"]
[White "Reutsky, Sergei"]
[Black "Vorotnikov, Vladislav V"]
[Result "1/2-1/2"]
[WhiteElo "2353"]
[BlackElo "2437"]
[PlyCount "140"]
[EventDate "2007.??.??"]

1. e4 e5 2. Nf3 Nc6 3. Bb5 a6 4. Ba4 d6 5. c3 Bd7 6. d4 Nf6 7. Nbd2 Qe7 8. O-O
g6 9. Re1 Bg7 10. Nf1 O-O 11. d5 Nb8 12. Bxd7 Nbxd7 13. Bg5 h6 14. Bh4 Qe8 15.
N3d2 Nh5 16. Ne3 Nf4 17. Qc2 f6 18. Bg3 Qf7 19. c4 a5 20. a3 a4 21. Nd1 f5 22.
Bxf4 exf4 23. Nc3 Nc5 24. Re2 Qd7 25. Rae1 Rae8 26. Nb5 f3 27. gxf3 Be5 28.
exf5 Rxf5 29. f4 Rxf4 30. Qxg6+ Qg7 31. Qxg7+ Kxg7 32. Nxc7 Rg8 33. Re3 Kf7+
34. Kf1 Bd4 35. Rf3 Rxf3 36. Nxf3 Bxb2 37. Nb5 Rg6 38. Nfd4 Rf6 39. Ne6 Nxe6
40. Nxd6+ Ke7 41. Nb5 Kd7 42. dxe6+ Rxe6 43. Rxe6 Kxe6 44. Ke2 Ke5 45. Kf3 b6
46. Ke3 Bc1+ 47. Kd3 Kf5 48. Nc3 Bxa3 49. Nxa4 Kg4 50. Ke4 Bd6 51. Nxb6 Bxh2
52. Nd5 Bd6 53. f4 Kg3 54. Nf6 Be7 55. Ng8 Bd6 56. Nxh6 Bxf4 57. Nf5+ Kg4 58.
c5 Bb8 59. Nd6 Bc7 60. Ke5 Kf3 61. c6 Ke3 62. Kd5 Kd3 63. Kc5 Bd8 64. Ne8 Kc3
65. Kd6 Kc4 66. Nc7 Bh4 67. Ne6 Bg3+ 68. Kd7 Kd5 69. Nc7+ Kc5 70. Ne8 Bh2
1/2-1/2

[Event "Moscow Open 2007"]
[Site "Moscow"]
[Date "2007.02.02"]
[Round "7"]
[White "Tjurin, Alexander P"]
[Black "Mozharov, Mikhail"]
[Result "1/2-1/2"]
[WhiteElo "2344"]
[BlackElo "2425"]
[PlyCount "133"]
[EventDate "2007.??.??"]

1. e4 c5 2. Nf3 e6 3. d4 cxd4 4. Nxd4 a6 5. Nc3 Qc7 6. g3 Nf6 7. Bg2 Be7 8. O-O
Nc6 9. Re1 d6 10. Nxc6 bxc6 11. Be3 O-O 12. Na4 Rb8 13. c4 e5 14. h3 Be6 15.
Rc1 Nd7 16. Qd2 Rfd8 17. b3 f6 18. Red1 Bf7 19. f4 Bf8 20. Qf2 Re8 21. f5 c5
22. Nc3 Rb7 23. g4 Nb8 24. h4 Nc6 25. Kh2 Nd4 26. Rg1 Be7 27. Bh3 Kf8 28. g5
Bg8 29. Rg3 Reb8 30. Kh1 Qa5 31. h5 fxg5 32. Bxg5 Bxg5 33. Rxg5 Qd8 34. Rcg1
Qf6 35. Qe3 Ra8 36. Bf1 Raa7 37. Qh3 Ke8 38. R1g3 Kd8 39. Kg2 Qh6 40. Qh4 Kc8
41. Nd1 Qf6 42. Kh3 Ne6 43. R5g4 Qf7 44. Nc3 Nf4+ 45. Kh2 Nxh5 46. Rd3 Rd7 47.
Nd5 Kb7 48. Rg1 Ra8 49. Be2 Nf6 50. Nxf6 Qxf6 51. Qxf6 gxf6 52. Rdg3 Rdd8 53.
Rg7+ Kb6 54. Bd1 a5 55. a4 Rf8 56. Kh3 Bf7 57. Rxh7 Be8 58. Rgg7 Bc6 59. Bf3
Rh8 60. Kh4 Rag8 61. Rxh8 Rxh8+ 62. Kg3 Be8 63. Re7 Kc6 64. Ra7 Bd7 65. Ra6+
Kc7 66. Ra7+ Kc6 67. Ra6+ 1/2-1/2

[Event "Moscow Open 2007"]
[Site "Moscow"]
[Date "2007.02.02"]
[Round "7"]
[White "Shimanov, Aleksandr"]
[Black "Shkurikhin, Ilia"]
[Result "1-0"]
[WhiteElo "2419"]
[BlackElo "2350"]
[PlyCount "75"]
[EventDate "2007.??.??"]

1. e4 c5 2. Nf3 e6 3. d4 cxd4 4. Nxd4 Nf6 5. Nc3 d6 6. Be3 a6 7. f3 Qc7 8. Qd2
Nbd7 9. g4 Ne5 10. O-O-O b5 11. g5 Nfd7 12. f4 Nc4 13. Bxc4 Qxc4 14. Kb1 Bb7
15. f5 Ne5 16. fxe6 fxe6 17. Qg2 Be7 18. Rhf1 Bc8 19. Nce2 Bd7 20. b3 Qc8 21.
Qh3 a5 22. Bc1 a4 23. Bb2 axb3 24. axb3 g6 25. Nf3 O-O 26. Nxe5 Rxf1 27. Rxf1
dxe5 28. Bxe5 Bc6 29. Qg4 b4 30. Bb2 e5 31. Qg2 Bb5 32. Rd1 Qa6 33. Nc1 Bc6 34.
Qg3 Qb5 35. Qg4 Rf8 36. Qe6+ Rf7 37. Nd3 Bd7 38. Qxe5 1-0

[Event "Moscow Open 2007"]
[Site "Moscow"]
[Date "2007.02.02"]
[Round "7"]
[White "Papin, Vasily"]
[Black "Nebolsina, Vera"]
[Result "1/2-1/2"]
[WhiteElo "2416"]
[BlackElo "2324"]
[PlyCount "70"]
[EventDate "2007.??.??"]

1. e4 c5 2. Nf3 Nc6 3. Bb5 g6 4. Bxc6 dxc6 5. d3 Bg7 6. h3 Nf6 7. Nc3 O-O 8.
Be3 b6 9. Qd2 e5 10. Bh6 Qd6 11. O-O-O a5 12. g4 a4 13. Bxg7 Kxg7 14. Nh4 Nd7
15. Ne2 b5 16. f4 exf4 17. Nf3 b4 18. Qxf4 Qe6 19. Kb1 f6 20. Qc7 Ra6 21. Nf4
Qe7 22. g5 a3 23. b3 Rb6 24. Rhf1 Kh8 25. e5 fxg5 26. Nxg5 Rb7 27. Qd6 Nxe5 28.
Ne4 Qxd6 29. Nxd6 Re7 30. Rde1 Bf5 31. Kc1 Kg7 32. Nc4 Rfe8 33. Nd6 Rf8 34. Nc4
Rfe8 35. Nd6 Rf8 1/2-1/2

[Event "Moscow Open 2007"]
[Site "Moscow"]
[Date "2007.02.02"]
[Round "7"]
[White "Obodchuk, Andrei"]
[Black "Prokopchuk, Yury"]
[Result "1-0"]
[WhiteElo "2410"]
[BlackElo "2316"]
[PlyCount "117"]
[EventDate "2007.??.??"]

1. d4 d5 2. Nf3 c5 3. c4 dxc4 4. e3 cxd4 5. Bxc4 Qc7 6. Qb3 e6 7. exd4 Nf6 8.
Nc3 a6 9. Be3 b5 10. Be2 Bb7 11. Rc1 Qd8 12. O-O Be7 13. Ne5 O-O 14. Qd1 b4 15.
Na4 Nd5 16. Bf3 a5 17. Nc5 Bxc5 18. dxc5 Qc7 19. Nc4 Nxe3 20. Nxe3 Bxf3 21.
Qxf3 Nd7 22. c6 Ne5 23. Qe4 Ra6 24. Rc5 Nxc6 25. Rfc1 Rc8 26. h3 Qd7 27. Qc4
Rb6 28. Qc2 Ra6 29. Qa4 Qb7 30. R1c4 b3 31. Qxb3 Qxb3 32. axb3 Kf8 33. Nc2 Ke7
34. b4 axb4 35. Nxb4 Ra1+ 36. Kh2 Nxb4 37. Rxc8 Nd3 38. R8c7+ Kf6 39. Rd4 Ne5
40. f4 Ng6 41. Rdd7 Nxf4 42. Rxf7+ Ke5 43. Rxg7 h5 44. Rc2 Rb1 45. g3 Nd3 46.
Re2+ Kf5 47. Rf7+ Kg5 48. h4+ Kg6 49. Rf3 Rxb2 50. Rxb2 Nxb2 51. Rf8 e5 52. Kg2
Nc4 53. Rg8+ Kf5 54. Rg5+ Ke4 55. Rxh5 Kd3 56. Rh8 e4 57. Rd8+ Ke2 58. h5 Ne3+
59. Kh3 1-0

[Event "Moscow Open 2007"]
[Site "Moscow"]
[Date "2007.02.02"]
[Round "7"]
[White "Vasilkova, Svetlana"]
[Black "Ovod, Evgenija"]
[Result "0-1"]
[WhiteElo "2336"]
[BlackElo "2410"]
[PlyCount "66"]
[EventDate "2007.??.??"]

1. e4 c5 2. Nf3 e6 3. d4 cxd4 4. Nxd4 Nc6 5. Nc3 Qc7 6. Be3 a6 7. Qd2 Nf6 8.
O-O-O Bb4 9. f3 Ne5 10. Nb3 b5 11. Qe1 Be7 12. f4 Ng6 13. e5 Ng4 14. Bd2 Bb7
15. h3 Nh6 16. Ne4 Rc8 17. Bd3 f5 18. Nd6+ Bxd6 19. exd6 Qxd6 20. Qf2 Qxd3 21.
Bc3 Qe4 22. Nc5 Qxf4+ 23. Qxf4 Nxf4 24. Nxb7 Ne2+ 25. Kd2 Nxc3 26. Nd6+ Kd8 27.
bxc3 Rc6 28. Nb7+ Ke7 29. Na5 Rd6+ 30. Ke3 Rxd1 31. Rxd1 Rc8 32. c4 bxc4 33.
Kd4 f4 0-1

[Event "Moscow Open 2007"]
[Site "Moscow"]
[Date "2007.02.02"]
[Round "7"]
[White "Burlov, Vassili"]
[Black "Vafin, Niaz"]
[Result "1/2-1/2"]
[WhiteElo "2410"]
[BlackElo "2308"]
[PlyCount "145"]
[EventDate "2007.??.??"]

1. d4 d5 2. c4 e6 3. Nf3 Nf6 4. Bg5 Be7 5. e3 h6 6. Bxf6 Bxf6 7. Nc3 O-O 8. Qd2
b6 9. Rb1 a5 10. Be2 dxc4 11. Bxc4 Bb7 12. O-O Nd7 13. Rfd1 g6 14. Rbc1 Bg7 15.
e4 Kh7 16. Qe3 Qe7 17. Bb5 c6 18. Be2 f5 19. exf5 gxf5 20. Bc4 Rae8 21. Re1 e5
22. dxe5 Bxe5 23. Rcd1 b5 24. Bb3 c5 25. Rxd7 Bxh2+ 26. Kxh2 Qxd7 27. Qf4 Bxf3
28. Rxe8 Qxe8 29. Qxf3 b4 30. Ne2 Qe4 31. Qxe4 fxe4 32. Kg1 Rd8 33. Ng3 Rd4 34.
Nxe4 c4 35. Bc2 Kg7 36. f3 b3 37. axb3 cxb3 38. Bxb3 Rb4 39. Bd1 Rxb2 40. Kf1
Rb4 41. Nc3 Rb2 42. g4 Kg6 43. f4 Rb4 44. f5+ Kg5 45. Ke1 Rb2 46. Ne4+ Kf4 47.
Nc5 Ke3 48. Ba4 Rb4 49. Bd1 Rb2 50. Ba4 Rg2 51. Kf1 Rxg4 52. Bd7 h5 53. f6 Rf4+
54. Kg2 Rxf6 55. Kg3 Rd6 56. Be8 Rd5 57. Na4 Rd4 58. Bc6 Rb4 59. Kh3 h4 60. Bd7
Rd4 61. Bc6 Kd2 62. Be8 Kc2 63. Nc5 Kc3 64. Na4+ Kb4 65. Nb6 Rd8 66. Bf7 Rh8
67. Nd5+ Ka3 68. Ne3 Rh7 69. Bd5 Rd7 70. Kxh4 Kb4 71. Kg4 a4 72. Bc6 Rd4+ 73.
Kf3 1/2-1/2

[Event "Moscow Open 2007"]
[Site "Moscow"]
[Date "2007.02.02"]
[Round "7"]
[White "Pustov, Pavel"]
[Black "Grigoriadis, Alexandros"]
[Result "1-0"]
[WhiteElo "2407"]
[BlackElo "2304"]
[PlyCount "117"]
[EventDate "2007.??.??"]

1. Nf3 Nf6 2. c4 c5 3. Nc3 Nc6 4. g3 g6 5. Bg2 Bg7 6. O-O O-O 7. d4 cxd4 8.
Nxd4 Nxd4 9. Qxd4 d6 10. Qd3 Qa5 11. h3 Be6 12. Bd2 Qc7 13. b3 a6 14. Rac1 Rac8
15. e4 Nd7 16. Rfe1 Rfe8 17. Kh2 Qb8 18. f4 f5 19. exf5 Bxf5 20. Qe2 Nf6 21. g4
Bd7 22. g5 Nh5 23. Nd5 e6 24. Nb6 Bc6 25. Nxc8 Qxc8 26. Bxc6 bxc6 27. Qg4 Qd7
28. Bc3 Bxc3 29. Rxc3 Ng7 30. c5 d5 31. Qe2 Qc7 32. Qe5 Qa5 33. Re2 Qb4 34. Rd3
Rf8 35. Qd4 Rxf4 36. Qxb4 Rxb4 37. Rf3 Rb8 38. Rf4 a5 39. Kg2 Rb5 40. Rf6 Nh5
41. Rf1 Ng7 42. Rf6 Nh5 43. Rff2 Ng7 44. Kf1 Rb8 45. Ke1 Rb4 46. Kd1 a4 47.
bxa4 Rxa4 48. Rf3 Ra5 49. Rb3 Nf5 50. Rb8+ Kf7 51. Rb7+ Kf8 52. Rxe6 Rxc5 53.
Rxh7 d4 54. Rd6 Ne3+ 55. Ke2 Nd5 56. Rxg6 Rc2+ 57. Kd3 Nb4+ 58. Kxd4 c5+ 59.
Ke5 1-0

[Event "Moscow Open 2007"]
[Site "Moscow"]
[Date "2007.02.02"]
[Round "7"]
[White "Kislov, Oleg"]
[Black "Gagarin, Vasilij"]
[Result "1/2-1/2"]
[WhiteElo "2324"]
[BlackElo "2406"]
[PlyCount "50"]
[EventDate "2007.??.??"]

1. e4 c5 2. Nf3 e6 3. c3 d5 4. exd5 Qxd5 5. d4 Nf6 6. Be2 cxd4 7. cxd4 Nc6 8.
Nc3 Qd6 9. O-O Be7 10. Bg5 O-O 11. Qd2 b6 12. Rfd1 Bb7 13. d5 Nxd5 14. Nxd5
exd5 15. Qxd5 Qxd5 16. Rxd5 Bxg5 17. Nxg5 h6 18. Rd7 Bc8 19. Rd6 hxg5 20. Rxc6
Be6 21. a3 Rad8 22. Rd1 Bb3 23. Rd3 Rxd3 24. Bxd3 Rd8 25. Rc3 Be6 1/2-1/2

[Event "Moscow Open 2007"]
[Site "Moscow"]
[Date "2007.02.02"]
[Round "7"]
[White "Donchenko, Anatoly G"]
[Black "Kedrov, Valery V"]
[Result "1/2-1/2"]
[WhiteElo "2402"]
[BlackElo "2300"]
[PlyCount "27"]
[EventDate "2007.??.??"]

1. Nf3 c5 2. c4 Nc6 3. Nc3 g6 4. g3 Bg7 5. Bg2 e6 6. O-O Nge7 7. e3 O-O 8. d4
cxd4 9. Nxd4 d5 10. cxd5 Nxd5 11. Nxd5 exd5 12. Qb3 Nxd4 13. exd4 Be6 14. Be3
1/2-1/2

[Event "Moscow Open 2007"]
[Site "Moscow"]
[Date "2007.02.02"]
[Round "7"]
[White "Ageichenko, Genadi A"]
[Black "Zakurdjaeva, Irina"]
[Result "1-0"]
[WhiteElo "2402"]
[BlackElo "2296"]
[PlyCount "81"]
[EventDate "2007.??.??"]

1. d4 d5 2. Nf3 c6 3. c4 e6 4. Qc2 Bd6 5. Bg5 f6 6. Bh4 Ne7 7. Bg3 Nf5 8. e4
Nxg3 9. hxg3 dxe4 10. Qxe4 f5 11. Qe3 Qf6 12. Nc3 O-O 13. c5 Bc7 14. Bc4 h6 15.
O-O-O b5 16. Bb3 a5 17. Rhe1 Kh8 18. Ne5 b4 19. Na4 Nd7 20. Nd3 Re8 21. f4 Ba6
22. Kb1 Bb5 23. Rh1 Rad8 24. Ka1 Nf8 25. Ne5 Ng6 26. Nf3 Ne7 27. Ne5 Nd5 28.
Qf3 Kg8 29. Rde1 Re7 30. Bc2 Bxe5 31. Rxe5 Red7 32. Rd1 Qf7 33. Bb3 Kh8 34. Nb6
Nxb6 35. Bxe6 Qf6 36. cxb6 Rxd4 37. Rxd4 Rxd4 38. Bxf5 Qd8 39. Bb1 Bd3 40. Qe3
Kh7 41. Bxd3+ 1-0

[Event "Moscow Open 2007"]
[Site "Moscow"]
[Date "2007.02.02"]
[Round "7"]
[White "Skurikhin, Dmitrij"]
[Black "Kurdakov, Yuri"]
[Result "0-1"]
[WhiteElo "2401"]
[BlackElo "2282"]
[PlyCount "100"]
[EventDate "2007.??.??"]

1. d4 Nf6 2. Nf3 e6 3. c4 d5 4. Nc3 Bb4 5. Qa4+ Nc6 6. e3 O-O 7. Bd2 a6 8. Rd1
dxc4 9. Bxc4 Qe7 10. O-O Bd6 11. h3 e5 12. Nd5 Nxd5 13. Bxd5 e4 14. Bxc6 bxc6
15. Ne5 c5 16. Bc3 Qg5 17. Qc6 Bxh3 18. Qxe4 cxd4 19. exd4 Bf5 20. Qf3 Be6 21.
d5 Bc8 22. Rde1 Qf5 23. Qd3 f6 24. Qxf5 Bxf5 25. g4 fxe5 26. gxf5 Rxf5 27. Re4
Raf8 28. f3 R8f6 29. Rc4 Rg6+ 30. Kf2 e4 31. Rxe4 Rxd5 32. Ke2 Bc5 33. f4 Kf7
34. Re5 Rxe5+ 35. Bxe5 Bd6 36. Bxd6 cxd6 37. Kf3 Rf6 38. Kg4 Ke6 39. b4 Kd5 40.
Rc1 Ke4 41. Re1+ Kd4 42. f5 d5 43. Re7 g6 44. fxg6 hxg6 45. Rb7 Ke3 46. b5 axb5
47. Rxb5 d4 48. Re5+ Kd2 49. Rd5 d3 50. Rd8 Ke2 0-1

[Event "Moscow Open 2007"]
[Site "Moscow"]
[Date "2007.02.02"]
[Round "7"]
[White "Koshevoy, Sergey"]
[Black "Mongontuul, Bathuyag"]
[Result "1/2-1/2"]
[WhiteElo "2294"]
[BlackElo "2397"]
[PlyCount "48"]
[EventDate "2007.??.??"]

1. d4 Nf6 2. c4 c5 3. d5 d6 4. Nc3 g6 5. e4 Bg7 6. Nf3 O-O 7. h3 a6 8. a4 e6 9.
Bd3 b6 10. O-O e5 11. Bg5 h6 12. Be3 Kh7 13. g4 Ra7 14. Nh2 Ne8 15. f4 exf4 16.
Bxf4 Nd7 17. Nf3 Ne5 18. Nxe5 dxe5 19. Be3 Qh4 20. Rf3 h5 21. Bf2 Qg5 22. Be3
Qh4 23. Bf2 Qg5 24. Be3 Qh4 1/2-1/2

[Event "Moscow Open 2007"]
[Site "Moscow"]
[Date "2007.02.02"]
[Round "7"]
[White "Charochkina, Daria"]
[Black "Beletsky, Alexey"]
[Result "0-1"]
[WhiteElo "2235"]
[BlackElo "2386"]
[PlyCount "108"]
[EventDate "2007.??.??"]

1. e4 Nf6 2. e5 Nd5 3. d4 d6 4. Nf3 Bg4 5. Be2 c6 6. c4 Nb6 7. exd6 exd6 8. O-O
Be7 9. b3 Bf6 10. Bb2 O-O 11. Nbd2 Re8 12. Re1 d5 13. c5 N6d7 14. Qc2 Nf8 15.
Bd3 Nbd7 16. b4 Qc7 17. b5 Ng6 18. h3 Bxf3 19. Nxf3 Ndf8 20. a4 Qf4 21. a5
Rxe1+ 22. Rxe1 cxb5 23. Bxb5 a6 24. Ba4 Qc7 25. Bc3 Ne6 26. Rb1 Ngf4 27. Rb6
Nxc5 28. dxc5 Bxc3 29. c6 bxc6 30. g3 c5 31. gxf4 Bxa5 32. Rc6 Qxf4 33. Qxc5
Rf8 34. Rc8 Bd8 35. Qxd5 Qxa4 36. Rxd8 Qb4 37. Ne5 Rxd8 38. Qxd8+ Qf8 39. Qxf8+
Kxf8 40. Kg2 a5 41. Kf3 a4 42. Nc4 Ke7 43. Ke4 Ke6 44. f4 f5+ 45. Kd4 h6 46. h4
g6 47. Ne5 a3 48. Kc3 g5 49. hxg5 hxg5 50. Nd3 g4 51. Kd4 a2 52. Nc5+ Kd6 53.
Nb3 g3 54. Ke3 Kd5 0-1

[Event "Moscow Open 2007"]
[Site "Moscow"]
[Date "2007.02.02"]
[Round "7"]
[White "Omariev, Maksim"]
[Black "Matsenko, Sergei"]
[Result "1/2-1/2"]
[WhiteElo "2153"]
[BlackElo "2378"]
[PlyCount "140"]
[EventDate "2007.??.??"]

1. e4 c5 2. Nf3 Nc6 3. d4 cxd4 4. Nxd4 Qc7 5. Nc3 e6 6. Ndb5 Qb8 7. f4 a6 8.
Nd4 Qc7 9. Be3 b5 10. Be2 Bb4 11. Nxc6 Qxc6 12. Qd4 Bxc3+ 13. bxc3 Nf6 14. Bf3
Bb7 15. e5 Nd5 16. Bxd5 Qxd5 17. Qxd5 Bxd5 18. Rg1 Rc8 19. Kd2 Rc4 20. g3 Ke7
21. Rgb1 Rhc8 22. Bd4 Be4 23. Rb2 f6 24. Re1 Bf5 25. a3 h5 26. h4 d6 27. Rb4
Bg6 28. Re2 Be8 29. Rxc4 bxc4 30. Bb6 dxe5 31. fxe5 Rb8 32. Bc5+ Kf7 33. Re4
Rc8 34. Bd6 Ba4 35. Rf4 Kg6 36. Rd4 Rc6 37. Rf4 Rc8 38. Rd4 Bb5 39. Ke3 Ba4 40.
Kd2 Bb5 41. Ke3 a5 42. Rf4 Ba4 43. Kd2 Rc6 44. Rd4 Bb5 45. Ke3 Ba6 46. Kd2 Rc8
47. Ke3 Bb7 48. Rf4 Bd5 49. Kd4 Rc6 50. Rf2 Rb6 51. Bc7 Rb5 52. a4 Rb7 53. Bxa5
Ra7 54. Bd8 fxe5+ 55. Kxe5 Rxa4 56. Be7 Ra1 57. Bd6 Rd1 58. Bc7 Re1+ 59. Kd4
Re4+ 60. Kc5 Kh6 61. Bf4+ Kh7 62. Bc7 Kg6 63. Bd6 Re1 64. Bc7 Rd1 65. Be5 Re1
66. Bc7 Re4 67. Bd6 Rg4 68. Be5 Kh6 69. Bf4+ Kh7 70. Re2 g5 1/2-1/2